000 01488nam a2200433 i 4500
001 104857
003 FlNmELB
005 20241217173545.0
006 m o d |
007 cr cnu||||||||
008 131004s2009 sp ob 001 0 spa d
020 _z9788499028200
020 _a9788468148755 (e book)
035 _a(MiAaPQ)EBC3213723
035 _a(Au-PeEL)EBL3213723
035 _a(CaPaEBR)ebr10741071
035 _a(OCoLC)991957160
040 _aFINmELB
_bspa
_erda
_cFINmELB
050 4 _aML1733
_bR788 2009
080 _a782.1.035(450)
082 0 _a782.10945
_223
100 1 _aRosal Nadales, Francisco José.
245 1 0 _aLa Bohème, de Giacomo Puccini :
_bópera para leer /
_cFrancisco José Rosal Nadales.
264 1 _aMadrid :
_bEditorial CEP,
_c2009.
300 _a1 recurso en línea
336 _atexto
_btxt
_2rdacontent/spa
337 _acomputadora
_bc
_2rdamedia/spa
338 _arecurso en línea
_bcr
_2rdacarrier/spa
500 _aContiene índice.
504 _aContiene bibliografía.
590 _aRecurso electrónico. Santa Fe, Arg.: e-libro, 2015. Disponible vía World Wide Web. El acceso puede estar limitado para las bibliotecas afiliadas a e-libro.
600 1 0 _aPuccini, Giacomo ,
_d1858-1924 .
_tLa Bohème.
650 0 _aOpera
_zItaly.
650 4 _aOpera.
651 4 _aItalia.
655 4 _aLibros electrónicos.
797 2 _ae-libro, Corp.
856 4 0 _uhttps://elibro.net/ereader/politecnicointernacional/50618
999 _c104857
_d104857